Colours with 5 letters - Statistics

General Stats
  • This quiz has been taken 65 times
    43 since last reset
  • The average score is 12 of 30
Answer Stats
Hint Answer % Correct
#000000 Black
96%
#964b00 Brown
93%
#ffffff White
93%
#00ff00 Green
86%
#d1c9ff Lilac
75%
#808000 Olive
64%
#f5f5dc Beige
61%
#feeddc Cream
61%
#fdbb8d Peach
54%
#eee826 Lemon
50%
#a66484 Mauve
50%
#ff7f50 Coral
46%
#fffff0 Ivory
46%
#483c32 Taupe
43%
#bab37e Khaki
36%
#007fff Azure
32%
#960000 Blood
32%
#ffbf00 Amber
29%
#ffb3bf Blush
29%
#1b4b71 Denim
18%
#cc7722 Ochre
18%
#704214 Sepia
18%
#555d50 Ebony
14%
#7a1e8a Grape
14%
#635147 Umber
7%
#ada079 Cedar
0%
#3c1516 Cocoa
0%
#a2782f Hazel
0%
#f7a900 Mango
0%
#e4d96f Straw
0%
No matching quizzes found
Score Distribution
Percent of People with Each Score
Percentile by Number Answered
Your Score History
You have not taken this quiz since the last reset